| 000 | 01683nam a2200265Ia 4500 | ||
|---|---|---|---|
| 999 |
_c52146 _d52146 |
||
| 001 | 19153 | ||
| 003 | GE_BSU | ||
| 005 | 20220920144717.0 | ||
| 008 | 181216s2008||||ge |||||||||||||| ||geo|| | ||
| 040 | _cGE_BSU | ||
| 041 | _ageo | ||
| 080 | _a82-09 შ-81 | ||
| 100 |
_aშოთაძე, ქეთევან _910547 |
||
| 245 |
_aრევაზ ინანიშვილის პროზის ეგზისტენციური ასპექტები: დისერტაცია / _cქ. შოთაძე; სამეცნიერო ხელმძღვანელი მ. ჯალიაშვილი; ბათუმის შოთა რუსთაველის სახელმწიფო უნივერსიტეტი. |
||
| 264 |
_aბათუმი : _bბათუმის შოთა რუსთაველის სახ. უნ-ტი, _c2008. |
||
| 300 |
_a136 გვ.; _b30 სმ. |
||
| 653 | _aდისერტაცია | ||
| 653 | _aრევაზ ინანიშვილის პროზის ეგზისტენციური ასპექტები | ||
| 653 | _a ქართული პროზის ისტორია და კრიტიკა | ||
| 653 | _a ქართველი მწერლები | ||
| 653 | _aინანიშვილი, რ. | ||
| 700 |
_aჯალიაშვილი, მ. _eსამეცნიერო ხელმძღვანელი _910548 |
||
| 710 |
_aბათუმის შოთა რუსთაველის სახელმწიფო უნივერსიტეტი _911848 |
||
| 942 |
_cBK _2udc |
||